| 000 | 00885nam a2200229Ia 4500 | ||
|---|---|---|---|
| 001 | 21809 | ||
| 005 | 20260408081540.0 | ||
| 008 | 260320s9999||||xx |||||||||||||| ||und|| | ||
| 020 | _a9789972834356 | ||
| 041 | _aESP | ||
| 082 |
_a306.6 _bN78 |
||
| 100 |
_aNomberto Bazán, Víctor Raúl, _eAUT |
||
| 245 | 0 |
_aCatolicismo intercultural en la diócesis de Chosica : _bantropología de la religión |
|
| 250 | _aPrimera edición | ||
| 260 |
_aLima : _bUniversidad Nacional Mayor de San Marcos. Fondo Editorial, _c2013 |
||
| 300 |
_a99 páginas : _bfotografías, cuadros, mapas ; _c30 cm. |
||
| 650 | _aCIS | ||
| 653 | _aAntropología de la religión - Perú; Cristianismo y cultura - Perú; Iglesia Católica - Diócesis de Chosica - Perú | ||
| 654 | _aCHU | ||
| 856 |
_uhttps://www-jstor-org.ucsp.lookproxy.com/ _zVéase además: Base de datos JSTOR |
||
| 942 |
_cLIB _dJUS _fMAT _2ddc |
||
| 999 |
_c21809 _d21809 |
||